Statistics for Presidents of France

Click here to take the quiz!

General Stats

  • This quiz has been taken 16,857 times
    (16,783 since last reset)
  • The average score is 9 of 25

Answer Stats

RepublicYearsPresident% Correct
Fifth2017–Emmanuel Macron
95%
Fifth1959–1969Charles de Gaulle
89%
Fifth2012–2017François Hollande
82%
Fifth2007–2012Nicolas Sarkozy
81%
Fifth1995–2007Jacques Chirac
72%
Fifth1981–1995François Mitterrand
66%
Second1848–1852Louis–Napoléon Bonaparte
54%
Fifth1969–1974Georges Pompidou
46%
Fifth1974–1981Valéry Giscard d'Estaing
46%
Fourth1954–1959René Coty
23%
Third1913–1920Raymond Poincaré
21%
Third1871–1873Adolphe Thiers
20%
Third1895–1899Félix Faure
17%
Fourth1947–1954Vincent Auriol
17%
Third1887–1894Marie François Sadi Carnot
16%
Third1873–1879Patrice de Mac-Mahon
16%
Third1932–1940Albert Lebrun
15%
Third1931–1932Paul Doumer
15%
Third1920–1924Alexandre Millerand
14%
Third1920Paul Deschanel
14%
Third1924–1931Gaston Doumergue
13%
Third1894–1895Jean Casimir-Perier
12%
Third1879–1887Jules Grévy
12%
Third1906–1913Armand Fallières
11%
Third1899–1906Émile Loubet
11%

Score Distribution

Percentile by Number Answered

Percent of People with Each Score

Your Score History

You have not taken this quiz since the last reset